000 00429nam a2200181Ia 4500
005 20250423095418.0
008 250422s9999 xx 000 0 und d
020 _a1588920054
050 _aQC 21.2 .H78/
100 _aHsu, Tom
245 0 _aFoundations of physical science
260 _aPeabody
260 _bCambridge Physics Outlet
260 _c2002
300 _a536 p
650 _aPhysical sciences
942 _cBK
999 _c30194
_d30194